History Quiz

Random History Quiz

Britain's EU Referendum Trivia Quiz Stats

Quiz not verified by Sporcle

Challenge
Share
Tweet
Embed
Score 0/10 Timer 05:00
0 Plays Today
Hint Answer % Correct
Widely used shorthand name for Britain leaving the EUBrexit
93.9%
Date of Referendum23rd June 2016
74.7%
The two countries that pay more into the EU budget than Britain France and Germany
66.7%
Number of member states who have ever left the EU0
63.6%
Territory which left the EU in 1982Greenland
50.5%
Main cross-party campaign for leaving the EUVote Leave
47.5%
The largest beneficiary of the EU budgetPoland
42.4%
Free trade agreement currently being negotiated by the EU and USATransatlantic Trade and Investment Partnership
41.4%
Main cross-party group campaigning for Britain to stay in the EUBritain Stronger in Europe
23.2%
Key principle of the EU that Britain has opted out of during pre-referendum negotiations 'Ever closer union'
19.2%

You're not logged in!

Compare scores with friends on all Sporcle quizzes.
Sign Up with Email
OR
Log In

You Might Also Like...

Show Comments

Extras

Top Quizzes Today


Score Distribution

Your Account Isn't Verified!

In order to create a playlist on Sporcle, you need to verify the email address you used during registration. Go to your Sporcle Settings to finish the process.